书目信息 |
| 题名: |
经济体制转型中的政府作用
|
|
| 作者: | 王浦劬 , 徐湘林 主编 | |
| 分册: | ||
| 出版信息: | 北京 新华出版社 2000.01 |
|
| 页数: | 353页 | |
| 开本: | 20cm | |
| 丛书名: | ||
| 单 册: | ||
| 中图分类: | F123.9 , F121-53 | |
| 科图分类: | ||
| 主题词: | 国家干预--市场经济--中国--文集 , 市场经济 , 国家干预 | |
| 电子资源: | ||
| ISBN: | 7-5011-4757-4 | |
| 000 | 01137nam0 2200313 45 | |
| 001 | 012006200015415 | |
| 005 | 20100702094624.17 | |
| 010 | @a7-5011-4757-4@dCNY25.00 | |
| 092 | @aCN@b492094 | |
| 100 | @a20060424d2000 em y0chiy0120 ea | |
| 101 | 0 | @achi |
| 102 | @aCN@b110000 | |
| 105 | @ay z 000yy | |
| 200 | 1 | @a经济体制转型中的政府作用@Ajing ji ti zhi zhuan xing zhong de zheng fu zuo yong@f王浦劬,徐湘林主编@Fwang pu qu, xu xiang lin zhu bian |
| 210 | @a北京@c新华出版社@d2000.01 | |
| 215 | @a353页@d20cm | |
| 314 | @a王浦劬,北京大学政治学与行政管理系教授,合主编有《经济体制转型中的政府作用》。 | |
| 320 | @a有书目 | |
| 330 | @a本书运用社会科学的前沿理论和观点,对中国经济体制改革和转型过程中的重大理论和现实问题,对政府职能转变的动力、目标、过程和标准等问题进行了深入分析,形成新的见解和结论。 | |
| 606 | 0 | @a国家干预@x市场经济@y中国@j文集 |
| 606 | 0 | @a市场经济 |
| 606 | 0 | @a国家干预 |
| 690 | @aF123.9@v4 | |
| 690 | @aF121-53@v4 | |
| 701 | 0 | @a王浦劬@Awang pu qu@4主编 |
| 701 | 0 | @a徐湘林@Axu xiang lin@4主编 |
| 801 | 0 | @aCN@bLZJBOOK@c20100702 |
| 905 | @aBZT@dF123.9@e8 | |
| 906 | @dCNY25.00@n0@r1 | |
| 经济体制转型中的政府作用/王浦劬,徐湘林主编.-北京:新华出版社,2000.01 |
| 353页;20cm |
| ISBN 7-5011-4757-4:CNY25.00 |
| 本书运用社会科学的前沿理论和观点,对中国经济体制改革和转型过程中的重大理论和现实问题,对政府职能转变的动力、目标、过程和标准等问题进行了深入分析,形成新的见解和结论。 |
| ● |
| 相关链接 |
|
|
|
正题名:经济体制转型中的政府作用
索取号:F123.9/8
 
预约/预借
| 序号 | 登录号 | 条形码 | 馆藏地/架位号 | 状态 | 备注 |
| 1 | 455428 | 230011626 | 中心书库北库/ 北库007架A面5列2层58/ [索取号:F123.9/8] | 在馆 | |
| 2 | 455429 | 230011624 | 中心书库北库/ 北库007架A面5列2层56/ [索取号:F123.9/8] | 在馆 | |
| 3 | 455430 | 230011625 | 中心书库北库/ 北库007架A面5列2层57/ [索取号:F123.9/8] | 在馆 | |
| 4 | 455431 | 230011623 | 中心书库北库/ 北库007架A面5列2层60/ [索取号:F123.9/8] | 在馆 | |
| 5 | 455432 | 230011622 | 中心书库北库/ 北库007架A面5列2层59/ [索取号:F123.9/8] | 在馆 |